000 00380nam a2200145Ia 4500
008 220216s9999 xx 000 0 und d
100 _aSheela Thomas
245 0 _aInterview:Rubber Board plans model nurseries to support growers
260 _bRubber Asia
_c2012
300 _a154-155
500 _aSource Year: 2012
650 _aChairman
650 _aInterview
942 _cJS
999 _c61585
_d61585